000 00234nam a2200097Ia 4500
008 220204s9999 xx 000 0 und d
082 _a82-3
_bGAR
100 _aGardner, Erle Stanley
245 0 _aCase of the ice-cold hands
942 _cBK
999 _c32256
_d32256